| 000 | 01768cam a2200361 a 4500 | ||
|---|---|---|---|
| 001 | 15095726 | ||
| 003 | GBCCL | ||
| 005 | 20241126110355.0 | ||
| 008 | 071128s2008 miua b 001 0 eng | ||
| 010 | _a 2007048743 | ||
| 020 | _a9780801027055 (pbk.) | ||
| 020 | _a0801027055 (pbk.) | ||
| 035 | _a(OCoLC)ocn183392145 | ||
| 040 |
_aDLC _cDLC _dBAKER _dBTCTA _dYDXCP _dC#P _dBWX _dDLC |
||
| 050 | 0 | 0 |
_aBV2063 _b.H468 2008 |
| 082 | 0 | 0 |
_a266.001 _222 _bHIE |
| 100 | 1 |
_aHiebert, Paul G., _d1932- _92217 |
|
| 245 | 1 | 0 |
_aTransforming worldviews : _ban anthropological understanding of how people change / _cPaul G. Hiebert. |
| 260 |
_aGrand Rapids, Mich. : _bBaker Academic, _cc2008. |
||
| 300 |
_a367 p. : _bill. ; _c23 cm. |
||
| 504 | _aIncludes bibliographical references (p. 347-358) and index. | ||
| 505 | 0 | _aThe concept of worldview -- Characteristics of worldviews -- Worldviews in human contexts -- Methods for analyzing worldviews -- Worldviews of small-scale oral societies -- Peasant worldviews -- The modern worldview -- The worldview of late modernity or postmodernity -- The post-postmodern or glocal worldview -- Toward a biblical worldview -- Transforming worldviews. | |
| 650 | 0 |
_aMissions _xTheory. _948 |
|
| 650 | 0 |
_aMissions _xAnthropological aspects. _92221 |
|
| 650 | 0 |
_aChristianity and other religions. _912 |
|
| 650 | 0 |
_aReligion and culture. _984 |
|
| 650 | 0 |
_aPhilosophy. _9101 |
|
| 650 | 0 |
_aIdeology. _92222 |
|
| 856 | 4 | 1 |
_3Table of contents only _uhttp://www.loc.gov/catdir/toc/ecip085/2007048743.html |
| 906 |
_a7 _bcbc _corignew _d1 _eecip _f20 _gy-gencatlg |
||
| 942 |
_2ddc _cBK _012 |
||
| 999 |
_c1200 _d1200 |
||